000 00630nam a22001697a 4500
999 _c1220
_d1220
008 160307b xxu||||| |||| 00| 0 eng d
020 _a978-971-725-179-0
082 _22013
_aDFil 499.2118
_bM37
245 _aMasining na pagpapahayag (Retorika)/
_cAguilar, Reynaldo L. [and 3 others]
260 _aManila:
_bGrandbooks Publishing, Inc.,
_cc2013.
300 _a196 pages;
_c26 cm.
650 0 _93499
_aFilipino language
_xRhetoric
650 0 _93498
_aFilipino language
_xcomposition and exercises
700 _93500
_aBuenaventura, Ernesto M.; Ramos, Bernardo F.; Santos, Deogracia D.C.
365 _b595.00
_cPhp
942 _2ddc
_cDFIL